Programy na základe rozhodovacích tabuliek

Salvato in:
Dettagli Bibliografici
Autore principale: Humby, E (Autore)
Natura: Libro
Lingua:slovacco
Pubblicazione: Bratislava : Alfa, 1976
Edizione:1. vyd.
Tags: Aggiungi Tag
Nessun Tag, puoi essere il primo ad aggiungerne!!

MARC

LEADER 00000nam a22000003a 4500
001 stu53701
005 20150617225702.7
008 000524s1976----cs------------------slo-d
040 |a STU  |b slo 
041 0 |a slo 
044 |a cs 
080 |a 681.3.06 
100 1 |a Humby, E  |4 aut 
245 1 |a Programy na základe rozhodovacích tabuliek 
250 |a 1. vyd. 
260 |a Bratislava :  |b Alfa,  |c 1976 
300 |a 114 s 
996 |b E38845  |c E*38845  |l EE16  |s P  |a 0  |w stu53701_0002 
996 |b 284EK05378  |c E*37989  |l EE01  |s A  |a 24  |w stu53701_0003 
996 |b 284EK05379  |c E*38379  |l EE0101  |s P  |a 0  |w stu53701_0004 
996 |c I*21TP2153  |l I  |s A  |a 24  |w stu53701_0006